<?xml version="1.0" encoding="UTF-8"?>
<record
    xmlns:xsi="http://www.w3.org/2001/XMLSchema-instance"
    xsi:schemaLocation="http://www.loc.gov/MARC21/slim http://www.loc.gov/standards/marcxml/schema/MARC21slim.xsd"
    xmlns="http://www.loc.gov/MARC21/slim">

  <leader>00770nam a2200253   4500</leader>
  <datafield tag="999" ind1=" " ind2=" ">
    <subfield code="c">8505</subfield>
    <subfield code="d">8505</subfield>
  </datafield>
  <controlfield tag="001">22239</controlfield>
  <controlfield tag="003">BD-DhUAP</controlfield>
  <controlfield tag="005">20240520161821.0</controlfield>
  <controlfield tag="008">240520b2024    ii a|||| |||| 001 0aeng d</controlfield>
  <datafield tag="020" ind1=" " ind2=" ">
    <subfield code="a">9789355326478</subfield>
  </datafield>
  <datafield tag="020" ind1=" " ind2=" ">
    <subfield code="a">9355326575</subfield>
  </datafield>
  <datafield tag="040" ind1=" " ind2=" ">
    <subfield code="a">BD-DhUAP</subfield>
    <subfield code="b">Eng</subfield>
    <subfield code="c">BD-DhUAP</subfield>
    <subfield code="d">BD-DhUAP</subfield>
    <subfield code="e">BD-DhUAP</subfield>
  </datafield>
  <datafield tag="082" ind1=" " ind2=" ">
    <subfield code="2">23</subfield>
    <subfield code="a">005.133 SCH</subfield>
  </datafield>
  <datafield tag="100" ind1=" " ind2=" ">
    <subfield code="a">Schildt, Herbert.</subfield>
  </datafield>
  <datafield tag="245" ind1=" " ind2=" ">
    <subfield code="a">Java :</subfield>
    <subfield code="b">the complete reference /</subfield>
    <subfield code="c">Herbert Schildt &amp; Dr.Danny Coward .</subfield>
  </datafield>
  <datafield tag="250" ind1=" " ind2=" ">
    <subfield code="a">13 th ed.</subfield>
  </datafield>
  <datafield tag="260" ind1=" " ind2=" ">
    <subfield code="a">New Delhi :</subfield>
    <subfield code="b"> McGraw-Hill Education,</subfield>
    <subfield code="c">2024.</subfield>
  </datafield>
  <datafield tag="300" ind1=" " ind2=" ">
    <subfield code="a">xxxiii, 1245 pages :</subfield>
    <subfield code="b">illustrations ;</subfield>
    <subfield code="c">24 cm.</subfield>
  </datafield>
  <datafield tag="504" ind1=" " ind2=" ">
    <subfield code="a">Include Index .</subfield>
  </datafield>
  <datafield tag="650" ind1=" " ind2=" ">
    <subfield code="a">Java (Computer program language).</subfield>
  </datafield>
  <datafield tag="650" ind1=" " ind2=" ">
    <subfield code="a">Internet programming.</subfield>
  </datafield>
  <datafield tag="700" ind1=" " ind2=" ">
    <subfield code="a">Dr. Danny Coward .</subfield>
  </datafield>
  <datafield tag="942" ind1=" " ind2=" ">
    <subfield code="2">ddc</subfield>
    <subfield code="c">BK</subfield>
  </datafield>
  <datafield tag="952" ind1=" " ind2=" ">
    <subfield code="0">0</subfield>
    <subfield code="1">0</subfield>
    <subfield code="2">ddc</subfield>
    <subfield code="4">0</subfield>
    <subfield code="7">0</subfield>
    <subfield code="a">UAPCL</subfield>
    <subfield code="b">UAPCL</subfield>
    <subfield code="c">General Stacks</subfield>
    <subfield code="d">2024-05-20</subfield>
    <subfield code="l">1</subfield>
    <subfield code="o">005.133 SCH</subfield>
    <subfield code="p">3010022239</subfield>
    <subfield code="r">2025-09-09</subfield>
    <subfield code="s">2025-08-24</subfield>
    <subfield code="t">1</subfield>
    <subfield code="v">2100.00</subfield>
    <subfield code="w">2024-05-20</subfield>
    <subfield code="y">BK</subfield>
  </datafield>
  <datafield tag="952" ind1=" " ind2=" ">
    <subfield code="0">0</subfield>
    <subfield code="1">0</subfield>
    <subfield code="2">ddc</subfield>
    <subfield code="4">0</subfield>
    <subfield code="7">0</subfield>
    <subfield code="a">UAPCL</subfield>
    <subfield code="b">UAPCL</subfield>
    <subfield code="c">General Stacks</subfield>
    <subfield code="d">2024-05-20</subfield>
    <subfield code="l">1</subfield>
    <subfield code="m">2</subfield>
    <subfield code="o">005.133 SCH</subfield>
    <subfield code="p">3010022240</subfield>
    <subfield code="r">2025-09-23</subfield>
    <subfield code="s">2025-08-14</subfield>
    <subfield code="t">2</subfield>
    <subfield code="v">2100.00</subfield>
    <subfield code="w">2024-05-20</subfield>
    <subfield code="y">BK</subfield>
  </datafield>
  <datafield tag="952" ind1=" " ind2=" ">
    <subfield code="0">0</subfield>
    <subfield code="1">0</subfield>
    <subfield code="2">ddc</subfield>
    <subfield code="4">0</subfield>
    <subfield code="7">0</subfield>
    <subfield code="a">UAPCL</subfield>
    <subfield code="b">UAPCL</subfield>
    <subfield code="c">General Stacks</subfield>
    <subfield code="d">2024-05-20</subfield>
    <subfield code="o">005.133 SCH</subfield>
    <subfield code="p">3010022241</subfield>
    <subfield code="r">2024-05-20</subfield>
    <subfield code="t">3</subfield>
    <subfield code="v">2100.00</subfield>
    <subfield code="w">2024-05-20</subfield>
    <subfield code="y">BK</subfield>
  </datafield>
  <datafield tag="952" ind1=" " ind2=" ">
    <subfield code="0">0</subfield>
    <subfield code="1">0</subfield>
    <subfield code="2">ddc</subfield>
    <subfield code="4">0</subfield>
    <subfield code="7">0</subfield>
    <subfield code="a">UAPCL</subfield>
    <subfield code="b">UAPCL</subfield>
    <subfield code="c">General Stacks</subfield>
    <subfield code="d">2024-05-20</subfield>
    <subfield code="o">005.133 SCH</subfield>
    <subfield code="p">3010022242</subfield>
    <subfield code="r">2024-05-20</subfield>
    <subfield code="t">4</subfield>
    <subfield code="v">2100.00</subfield>
    <subfield code="w">2024-05-20</subfield>
    <subfield code="y">BK</subfield>
  </datafield>
  <datafield tag="952" ind1=" " ind2=" ">
    <subfield code="0">0</subfield>
    <subfield code="1">0</subfield>
    <subfield code="2">ddc</subfield>
    <subfield code="4">0</subfield>
    <subfield code="7">0</subfield>
    <subfield code="a">UAPCL</subfield>
    <subfield code="b">UAPCL</subfield>
    <subfield code="c">General Stacks</subfield>
    <subfield code="d">2024-05-20</subfield>
    <subfield code="l">1</subfield>
    <subfield code="o">005.133 SCH</subfield>
    <subfield code="p">3010022243</subfield>
    <subfield code="r">2026-02-26</subfield>
    <subfield code="s">2024-08-13</subfield>
    <subfield code="t">5</subfield>
    <subfield code="v">2100.00</subfield>
    <subfield code="w">2024-05-20</subfield>
    <subfield code="y">BK</subfield>
  </datafield>
  <datafield tag="952" ind1=" " ind2=" ">
    <subfield code="0">0</subfield>
    <subfield code="1">0</subfield>
    <subfield code="2">ddc</subfield>
    <subfield code="4">0</subfield>
    <subfield code="7">0</subfield>
    <subfield code="a">UAPCL</subfield>
    <subfield code="b">UAPCL</subfield>
    <subfield code="c">General Stacks</subfield>
    <subfield code="d">2024-05-20</subfield>
    <subfield code="o">005.133 SCH</subfield>
    <subfield code="p">3010022244</subfield>
    <subfield code="r">2024-05-20</subfield>
    <subfield code="t">6</subfield>
    <subfield code="v">2100.00</subfield>
    <subfield code="w">2024-05-20</subfield>
    <subfield code="y">BK</subfield>
  </datafield>
  <datafield tag="952" ind1=" " ind2=" ">
    <subfield code="0">0</subfield>
    <subfield code="1">0</subfield>
    <subfield code="2">ddc</subfield>
    <subfield code="4">0</subfield>
    <subfield code="7">0</subfield>
    <subfield code="a">UAPCL</subfield>
    <subfield code="b">UAPCL</subfield>
    <subfield code="c">General Stacks</subfield>
    <subfield code="d">2024-05-20</subfield>
    <subfield code="l">1</subfield>
    <subfield code="m">1</subfield>
    <subfield code="o">005.133 SCH</subfield>
    <subfield code="p">3010022245</subfield>
    <subfield code="r">2025-05-20</subfield>
    <subfield code="s">2025-04-16</subfield>
    <subfield code="t">7</subfield>
    <subfield code="v">2100.00</subfield>
    <subfield code="w">2024-05-20</subfield>
    <subfield code="y">BK</subfield>
  </datafield>
  <datafield tag="952" ind1=" " ind2=" ">
    <subfield code="0">0</subfield>
    <subfield code="1">0</subfield>
    <subfield code="2">ddc</subfield>
    <subfield code="4">0</subfield>
    <subfield code="7">0</subfield>
    <subfield code="a">UAPCL</subfield>
    <subfield code="b">UAPCL</subfield>
    <subfield code="c">General Stacks</subfield>
    <subfield code="d">2024-05-20</subfield>
    <subfield code="l">1</subfield>
    <subfield code="o">005.133 SCH</subfield>
    <subfield code="p">3010022246</subfield>
    <subfield code="r">2025-03-02</subfield>
    <subfield code="s">2025-02-11</subfield>
    <subfield code="t">8</subfield>
    <subfield code="v">2100.00</subfield>
    <subfield code="w">2024-05-20</subfield>
    <subfield code="y">BK</subfield>
  </datafield>
  <datafield tag="952" ind1=" " ind2=" ">
    <subfield code="0">0</subfield>
    <subfield code="1">0</subfield>
    <subfield code="2">ddc</subfield>
    <subfield code="4">0</subfield>
    <subfield code="7">0</subfield>
    <subfield code="a">UAPCL</subfield>
    <subfield code="b">UAPCL</subfield>
    <subfield code="c">General Stacks</subfield>
    <subfield code="d">2024-05-20</subfield>
    <subfield code="l">3</subfield>
    <subfield code="m">1</subfield>
    <subfield code="o">005.133 SCH</subfield>
    <subfield code="p">3010022247</subfield>
    <subfield code="r">2025-11-05</subfield>
    <subfield code="s">2025-11-04</subfield>
    <subfield code="t">9</subfield>
    <subfield code="v">2100.00</subfield>
    <subfield code="w">2024-05-20</subfield>
    <subfield code="y">BK</subfield>
  </datafield>
  <datafield tag="952" ind1=" " ind2=" ">
    <subfield code="0">0</subfield>
    <subfield code="1">0</subfield>
    <subfield code="2">ddc</subfield>
    <subfield code="4">0</subfield>
    <subfield code="7">0</subfield>
    <subfield code="a">UAPCL</subfield>
    <subfield code="b">UAPCL</subfield>
    <subfield code="c">General Stacks</subfield>
    <subfield code="d">2024-05-20</subfield>
    <subfield code="o">005.133 SCH</subfield>
    <subfield code="p">3010022248</subfield>
    <subfield code="r">2024-05-20</subfield>
    <subfield code="t">10</subfield>
    <subfield code="v">2100.00</subfield>
    <subfield code="w">2024-05-20</subfield>
    <subfield code="y">BK</subfield>
  </datafield>
</record>
